000 00546nam a2200181Ia 4500
001 5188
005 20260306145850.0
008 260306t2017||||xx |||||||||||||| ||spa||
041 _aESP
082 _a337.1
_bF36
100 _aFelber, Christian
_eAUT
245 0 _aLa economía del bien común:
_bun modelo económico que supera la dicotomía entre capitalismo y comunismo para maximizar el bienestar de nuestra sociedad
260 _c2017
300 _a331 páginas :
_c20 cm.
650 _aGEN
654 _aCAN
942 _cLIB
_dJUS
_fJUS
_2ddc
_n
999 _c5188
_d5188